Cost-effective community involvement in planning (Record no. 79560)

MARC details
000 -LEADER
fixed length control field 01159cab a22001935a 4500
001 - CONTROL NUMBER
control field L141656
008 - FIXED-LENGTH DATA ELEMENTS--GENERAL INFORMATION
fixed length control field 071210s2007 xxk f 000 0 eng d
035 ## - SYSTEM CONTROL NUMBER
System control number (Sirsi) u141656
041 0# - LANGUAGE CODE
Language code of text/sound track or separate title eng
100 1# - MAIN ENTRY--PERSONAL NAME
Personal name Pearce, Barry
245 00 - TITLE STATEMENT
Title Cost-effective community involvement in planning
Remainder of title part 2, the lessons so far
260 ## - PUBLICATION, DISTRIBUTION, ETC.
Date of publication, distribution, etc. 2007
490 ## - SERIES STATEMENT
Series statement Town & Country Planning
Volume/sequential designation 76(11) October 2007, 401-410(10)
520 ## - SUMMARY, ETC.
Summary, etc. Second of this two-article series (see also L141655) examines sources of expertise on achieving cost-effective community involvement and considers what the available information reveals. Identifies key attributes of successful campaigns: prioritisation of cost, good organisation, effective methods and approaches, and effective identification of requirements. Provides low-cost ideas for successful community involvement. Underlines the importance of long-term investment. Suggests the formation of informal neighbourhood planning groups. Argues that finding further resources should be part of the community involvement plan.
590 ## - LOCAL NOTE (RLIN)
Local note KA
651 #4 - SUBJECT ADDED ENTRY--GEOGRAPHIC NAME
Geographic name United Kingdom
Chronological subdivision
690 ## - LOCAL SUBJECT ADDED ENTRY--TOPICAL TERM (OCLC, RLIN)
Topical term or geographic name as entry element Planning and development
9 (RLIN) 6259
942 ## - ADDED ENTRY ELEMENTS (KOHA)
Suppress in OPAC 0
Holdings
Withdrawn status Lost status Source of classification or shelving scheme Damaged status Not for loan Home library Current library Shelving location Date acquired Total Checkouts Full call number Barcode Date last seen Copy number Price effective from Koha item type
    Dewey Decimal Classification     London London Journal article 10/12/2007   L141656 141656-1001 06/08/2019 1 06/08/2019 Journal article